| 000 | 00934nam a2200277 i 4500 | ||
|---|---|---|---|
| 001 | bg | ||
| 100 | 1 | _aNOWICKI, Adam | |
| 245 | 1 | 0 |
_aStrategia doskonalenia systemu informacyjnego w zarządzaniu przedsiębiorstwem / _cAdam Nowicki. |
| 250 | _aWyd.2. | ||
| 260 |
_aWrocław : _bWydaw. Akademii Ekonomicznej im. Oskara Langego, _c1999. |
||
| 300 |
_a236 s. ; _c24 cm. |
||
| 500 | _aStreszcz. ang. | ||
| 504 | _aBibliogr. s. 227-234. | ||
| 650 | 9 | _aInformacja dla zarządzania | |
| 650 | 9 |
_aOptymalizacja _xstosowanie _xgospodarka |
|
| 650 | 9 |
_aSystemy informacyjne _xstosowanie _xgospodarka |
|
| 655 | _aPodręczniki akademickie | ||
| 020 | _a837011377X | ||
| 040 | _cBPK | ||
| 041 | 0 |
_apl _ben |
|
| 080 | _a658.1/.5.012.4:002.5](075.8) | ||
| 920 | _a83-7011-377-X | ||
| 942 | _cKS | ||
| 008 | s pl f |000 0 pol | ||
| 999 |
_c41485 _d41485 |
||
| 856 |
_uhttp://koha.tu.koszalin.pl/cgi-bin/koha/opac-detail.pl?biblionumber=41485 _yKatalog online BPK |
||